Socialismo del siglo XXI y a la venezolana: cinco problemitas /
Tallennettuna:
| Päätekijä: | |
|---|---|
| Aineistotyyppi: | Teksti |
| Tagit: |
Lisää tagi
Ei tageja, Lisää ensimmäinen tagi!
|
MARC
| LEADER | 00000 a a2200000 04500 | ||
|---|---|---|---|
| 001 | 45401 | ||
| 003 | |||
| 040 | |||
| 100 | |a González Fabre, Raúl | ||
| 245 | |a Socialismo del siglo XXI y a la venezolana: |b cinco problemitas / |c Raúl González Fabre | ||
| 773 | |g volumen26, número307 ( , 2007), páginas 53-57 | ||
| 999 | |c 37212 |d 37212 | ||
